| 000 | 00877nam a2200229 a 4500 | ||
|---|---|---|---|
| 003 | 0 | ||
| 005 | 20250301093311.0 | ||
| 008 | 100902s19uu xx 00 eng d | ||
| 050 |
_aPGS LB 3061.2.G7 _b.F634 2010 |
||
| 100 | _aFlores, Olrin Joy. | ||
| 245 |
_aAbility grouping and relationship among students / _cOlrin Joy Flores. |
||
| 260 |
_aLas PiƱas City, Philippines : _bSouthville International School and Colleges, _c2010. |
||
| 300 |
_a28 pages : _billustrations ; _c28 cm. |
||
| 504 | _aIncludes bibliographical references. | ||
| 650 | _aAbility grouping in education. | ||
| 650 | _aHomogeneous grouping of students. | ||
| 650 | _aHeterogeneous grouping of students. | ||
| 650 | _aSocial interaction in education. | ||
| 650 | _aStudent relationships and academic performance. | ||
| 650 | _aClassroom structure and learning outcomes. | ||
| 942 |
_2lcc _cPASS |
||
| 999 |
_c98330 _d98330 |
||